000 00418 a2200157 4500
005 20250626065958.0
020 _a0-697-28896-X
082 _a658.45 DAN
100 _aDANIELS,Tom D.
245 _aPerspectives on Organizational Communication
250 _a4th Ed
260 _aBoston
_bMcGraw .Hill
_c1997
300 _axvi,333p.;illFigure
_bIndex
_c24cm
700 _aBarry K.Spiker,Michael J Papa.
942 _2ddc
_cBKS
999 _c5203
_d5203